|
|
|
|
| LEADER |
01063nam a2200265 a 4500 |
| 001 |
12730798 |
| 008 |
101128r20051997ii a b 001 0 eng d |
| 010 |
|
|
|a 2002278417
|
| 020 |
|
|
|a 8178086530
|
| 020 |
|
|
|a 0130619701
|
| 040 |
|
|
|a DLC
|c DLC
|d DLC
|d BD-DhAAL
|
| 082 |
0 |
0 |
|a 621.3815/3
|
| 100 |
1 |
|
|a Wolf, Wayne.
|
| 245 |
1 |
0 |
|a Modern VLSI design :
|b system-on-chip design /
|c Wayne Wolf.
|
| 250 |
|
|
|a 3rd ed.
|
| 260 |
|
|
|a Upper Saddle River, NJ ;
|a Delhi :
|b Prentice Hall PTR,
|c c1997.[Reprinted 2005]
|
| 300 |
|
|
|a xx, 618 p. :
|b ill. ;
|c 24 cm.
|
| 504 |
|
|
|a Includes bibliographical references and index.
|
| 541 |
1 |
|
|e 00013104
|
| 650 |
|
0 |
|a Digital integrated circuits
|x Computer-aided design.
|
| 650 |
|
0 |
|a Logic circuits
|x Computer-aided design.
|
| 650 |
|
0 |
|a Low voltage integrated circuits
|x Computer-aided design.
|
| 852 |
4 |
|
|a Ayesha Abed library
|j General Shelf
|
| 999 |
|
|
|c 10114
|d 10114
|
| 952 |
|
|
|0 0
|1 0
|2 ddc
|4 0
|6 621_381530000000000_WOL
|7 0
|9 13380
|a BRACUL
|b BRACUL
|c GEN
|d 2010-12-02
|g 506.00
|l 2
|m 31
|o 621.38153 WOL
|p 3010013104
|r 2018-09-04
|s 2018-05-16
|t 1
|w 2010-12-02
|y BK
|